Normal view MARC view
  • Educación para el trabajo

Entry Materia

Number of records used in: 27

001 - NÚMERO DE CONTROL DEL REGISTRO

  • campo de control: 18693

003 - IDENTIFICADOR DE NUMERO DE CONTROL

  • campo de control: MX-MxUPN

005 - FECHA Y HORA DE LA ÚLTIMA TRANSACCIÓN

  • campo de control: 20240111150428.0

008 - DATOS DE LONGITUD FIJA

  • campo de control de longitud fija: 240111 n annnnbabn n ana |d

035 ## - NÚMERO DE CONTROL DEL SISTEMA

  • Número de control del sistema: UPN10000018701

040 ## - FUENTE DE LA CATALOGACIÓN

  • Lengua de catalogación: spa
  • Centro catalogador de origen: MX-MxUPN

150 ## - ENCABEZAMIENTO - TEMÁTICO

  • Término de materia o nombre geográfico como elemento inicial: Educación para el trabajo

670 ## - FUENTE EN LA QUE SE LOCALIZARON DATOS

  • Cita de la fuente: U

902 ## - CATALOGADOR

  • Catalogador: MMA/051196